American Presidents - Sudden Death - Statistics

General Stats
  • This quiz has been taken 1,968 times
  • The average score is 17 of 25
Answers on the Grid
Answers color-coded by a green-red scale on the quiz's grid according to % correct below.
Adams
Albany
Arthur
Bedford
Bush
Carter
Carver
Charles
Chesterfield
Columbus
Coolidge
Edmunds
Fillmore
Franklin
Garfield
Greene
Hamilton
Hancock
Harding
Harrison
Hayes
Jackson
Jefferson
Johnson
Kennedy
Kent
Lincoln
Nixon
Obama
Pence
Peterson
Pittsfield
Polk
Randolph
Reagan
Redwood
Roosevelt
Smith
Stafford
Taft
Taliaferro
Taylor
Thompson
Tondale
Trump
Ward
Washington
Wayne
Wilson
York
 
Answer Stats
Answer % Correct
Roosevelt
76%
Trump
76%
Kennedy
75%
Obama
75%
Washington
75%
Bush
74%
Lincoln
74%
Reagan
74%
Jefferson
73%
Nixon
73%
Adams
69%
Carter
69%
Johnson
69%
Garfield
68%
Jackson
68%
Taft
66%
Coolidge
65%
Harrison
63%
Wilson
63%
Polk
62%
Harding
61%
Taylor
60%
Hayes
58%
Fillmore
57%
Arthur
53%
No matching quizzes found
Score Distribution
Percent of People with Each Score
Percentile by Number Answered
Your Score History
You have not taken this quiz